Aplikácia spätnej projekcie pomocou 3D optického meracieho systému v automobilovom priemysle

Enregistré dans:
Détails bibliographiques
Auteur principal: Sviteková, Nikola (Auteur)
Autres auteurs: Onderová, Iveta (Directeur de thèse)
Format: Manuscrit Livre
Langue:slovaque
Publié: 2015
Sujets:
Accès en ligne:http://is.stuba.sk/zp/portal_zp.pl?podrobnosti=112889
Tags: Ajouter un tag
Pas de tags, Soyez le premier à ajouter un tag!

MARC

LEADER 00000ntm a22000003a 4500
001 stuzp53275
003 SK-STU
005 20160719154432.7
007 ta
008 150427s2015----xo-----f-mn---000-0-slo-d
040 |a STU  |b slo 
041 0 |a slo 
100 1 |a Sviteková, Nikola  |u 020070  |4 aut  |U SjF Strojnícka fakulta  |T SjF Ústav výrobných systémov, enviromentálnej techniky a manažment kvality  |X 44509  |U J0070  |Y 804  |7 A000044509 
242 0 1 |a The application of the online tracking by 3D optical measurement system in automobile industry  |y eng 
245 1 0 |a Aplikácia spätnej projekcie pomocou 3D optického meracieho systému v automobilovom priemysle 
260 |c 2015 
650 4 |a 3D skener  |2 slo 
650 4 |a spätná projekcia  |2 slo 
650 4 |a prípravok  |2 slo 
650 4 |a 3D scanner  |2 eng 
650 4 |a online tracking  |2 eng 
650 4 |a fixture  |2 eng 
700 1 |a Onderová, Iveta  |4 ths  |X 46392  |7 A000046392 
856 4 |u http://is.stuba.sk/zp/portal_zp.pl?podrobnosti=112889 
996 |b 284J043872  |c J* 2162/DP  |l JJSK  |s A  |a 24  |w stuzp53275_0001 
SQL |a stuzp53275  |b DDP  |c SLO  |d Aplikácia spätnej projekcie pomocou 3D optického meracieho systému v automobilovom priemysle  |e 44509  |f Sviteková, Nikola  |g 020070  |h 46392  |i Onderová, Iveta  |j 20150618  |k 649  |l 02  |m http://is.stuba.sk/zp/portal_zp.pl?podrobnosti=112889  |n I-KPSP  |o 5.2.57. kvalita produkcie